Les 500 plus grandes villes de France sur une carte - Statistiques

Statistiques générales
  • Ce quiz a été pris 147 078 fois
  • Le résultat moyen est 102 sur 500
Réponses sur la Carte
Les réponses sont colorées sur une échelle allant du rouge au vert en fonction du pourcentage des utilisateurs qui les ont devinées à leur premier essai. Vous pouvez retrouver ces pourcentages ci-dessous.
 
Statistiques - réponses
Pop. Villes Dép. % Correct
2 165 423 Paris 75
97%
870 731 Marseille 13
93%
522 969 Lyon 69
91%
234 475 Lille 59
90%
260 958 Bordeaux 33
89%
493 465 Toulouse 31
88%
342 669 Nice 06
87%
287 228 Strasbourg 67
87%
318 808 Nantes 44
84%
220 488 Rennes 35
82%
139 926 Brest 29
80%
295 542 Montpellier 34
78%
158 002 Dijon 21
71%
71 361 Ajaccio 2A
70%
153 810 Saint-Denis 974
70%
112 852 Saint-Denis 93
70%
178 745 Toulon 83
70%
158 198 Grenoble 38
68%
168 290 Le Havre 76
68%
106 230 Caen 14
67%
147 865 Clermont-Ferrand 63
67%
119 344 Perpignan 66
67%
173 821 Saint-Étienne 42
67%
28 352 Saint-Étienne-du-Rouvray 76
67%
181 194 Reims 51
66%
118 489 Metz 57
65%
55 147 La Roche-sur-Yon 85
64%
155 850 Angers 49
63%
112 321 Rouen 76
63%
137 087 Tours 37
63%
116 269 Orléans 45
62%
48 503 Bastia 2B
61%
105 058 Nancy 54
61%
86 279 Dunkerque 59
60%
148 561 Nîmes 30
60%
74 545 Cannes 06
59%
134 706 Amiens 80
57%
75 627 Pau 64
57%
84 808 Versailles 78
57%
145 133 Aix-en-Provence 13
56%
30 463 Aix-les-Bains 73
56%
130 721 Annecy 74
56%
143 847 Le Mans 72
56%
130 876 Limoges 87
56%
25 787 Biarritz 64
53%
72 509 Calais 62
53%
64 749 Valence 26
53%
63 283 Quimper 29
52%
77 205 La Rochelle 17
51%
89 212 Poitiers 86
51%
91 143 Avignon 84
50%
51 894 Bayonne 64
50%
41 111 Bourg-en-Bresse 01
50%
21 050 Bourg-la-Reine 92
50%
19 792 Bourg-lès-Valence 26
50%
57 246 Lorient 56
50%
31 461 Lens 62
48%
108 312 Mulhouse 68
48%
46 803 Saint-Malo 35
48%
121 583 Boulogne-Billancourt 92
47%
40 251 Boulogne-sur-Mer 62
47%
117 912 Besançon 25
46%
61 957 Troyes 10
46%
46 825 Carcassonne 11
45%
34 451 Auxerre 89
44%
53 719 Vannes 56
44%
152 212 Villeurbanne 69
44%
68 682 Colmar 68
43%
96 277 Nanterre 92
43%
98 828 Roubaix 59
42%
78 549 Cherbourg-en-Cotentin 50
41%
58 917 Chambéry 73
40%
78 308 Béziers 34
38%
93 246 Créteil 94
38%
76 512 Fort-de-France 972
38%
66 851 Évry-Courcouronnes 91
37%
55 516 Narbonne 11
37%
59 193 Niort 79
37%
49 733 Laval 53
36%
71 394 Saint-Nazaire 44
35%
98 656 Tourcoing 59
35%
64 541 Bourges 18
34%
65 493 Cayenne 973
34%
38 534 Chartres 28
34%
41 603 Angoulême 16
33%
41 694 Arras 62
33%
57 071 Beauvais 60
33%
46 443 Belfort 90
33%
43 122 Châteauroux 36
33%
43 605 Saint-Brieuc 22
33%
43 229 Valenciennes 59
33%
48 902 Albi 81
32%
45 056 Chalon-sur-Saône 71
32%
40 631 Gap 05
32%
61 372 Montauban 82
32%
20 878 Neuilly-Plaisance 93
32%
35 907 Neuilly-sur-Marne 93
32%
59 599 Neuilly-sur-Seine 92
32%
32 602 Agen 47
31%
50 454 Arles 13
31%
45 898 Blois 41
31%
65 911 Cergy 95
31%
111 240 Montreuil 93
31%
84 982 Saint-Pierre 974
31%
24 097 Villeneuve-la-Garenne 92
31%
111 038 Argenteuil 95
30%
88 948 Aubervilliers 93
30%
46 349 Évreux 27
30%
40 844 Melun 77
30%
33 005 Nevers 58
30%
30 861 Pierrefitte-sur-Seine 93
30%
24 475 Rodez 12
30%
42 758 Tarbes 65
30%
34 890 Villeneuve-Saint-Georges 94
30%
32 977 Le Port 974
29%
33 908 Mâcon 71
29%
24 980 Vichy 03
29%
61 957 Villeneuve-d'Ascq 59
29%
21 679 Villeneuve-le-Roi 94
29%
21 742 Villeneuve-sur-Lot 47
29%
73 438 Antibes 06
28%
46 436 Charleville-Mézières 08
28%
63 748 Ivry-sur-Seine 94
28%
30 525 Menton 06
28%
94 285 Nouméa 970
28%
28 772 Orange 84
28%
46 330 Brive-la-Gaillarde 19
27%
20 843 Dax 40
27%
54 458 Fréjus 83
27%
21 288 Saint-Jean-de-Braye 45
27%
43 858 Sète 34
27%
29 896 Périgueux 24
26%
53 570 Saint-Quentin 02
26%
54 363 Bobigny 93
25%
32 256 Épinal 88
25%
67 981 Issy-les-Moulineaux 92
25%
66 082 Levallois-Perret 92
25%
55 750 Meaux 77
25%
29 807 Mont-de-Marsan 40
25%
39 818 Montélimar 26
25%
103 208 Saint-Paul 974
25%
95 510 Vitry-sur-Seine 94
25%
25 870 Alençon 61
24%
25 593 Aurillac 15
24%
54 821 Hyères 83
24%
24 627 Orly 94
24%
42 079 Castres 81
23%
63 089 Clichy 92
23%
28 782 Clichy-sous-Bois 93
23%
71 437 Mamoudzou 976
23%
59 196 Sarcelles 95
23%
86 969 Aulnay-sous-Bois 93
22%
54 037 Cholet 49
22%
45 030 Les Sables-d'Olonne 85
22%
43 921 Mantes-la-Jolie 78
22%
20 818 Mantes-la-Ville 78
22%
72 197 Mérignac 33
22%
49 788 Vincennes 94
22%
41 837 Alès 30
21%
62 760 Antony 92
21%
86 534 Colombes 92
21%
28 241 Dieppe 76
21%
24 304 Laon 02
21%
44 806 Saint-Germain-en-Laye 78
21%
29 993 Vienne 38
21%
87 143 Asnières-sur-Seine 92
20%
22 173 Auch 32
20%
26 693 Bergerac 24
20%
19 937 Cahors 46
20%
40 615 Compiègne 60
20%
39 613 Douai 59
20%
72 376 Drancy 93
20%
23 211 Fontaine 38
20%
50 644 Massy 91
20%
67 871 Noisy-le-Grand 93
20%
44 463 Noisy-le-Sec 93
20%
65 245 Pessac 33
20%
32 405 Pontoise 95
20%
22 851 Roissy-en-Brie 77
20%
24 674 Saint-Ouen-l'Aumône 95
20%
50 697 Saint-Ouen-sur-Seine 93
20%
36 027 Saint-Raphaël 83
20%
67 285 Vénissieux 69
20%
36 291 Villefranche-sur-Saône 69
20%
55 208 Villejuif 94
20%
54 587 Bondy 93
19%
81 558 Courbevoie 92
19%
30 646 Dreux 28
19%
48 574 Martigues 13
19%
34 361 Montluçon 03
19%
33 809 Roanne 42
19%
78 317 Rueil-Malmaison 92
19%
25 287 Saintes 17
19%
32 489 Saint-Martin 970
19%
37 935 Saint-Martin-d'Hères 38
19%
51 734 Sevran 93
19%
35 826 Thonon-les-Bains 74
19%
47 535 Aubagne 13
18%
44 379 Châlons-en-Champagne 51
18%
25 806 Montbéliard 25
18%
59 846 Pantin 93
18%
74 976 Saint-Maur-des-Fossés 94
18%
40 778 Thionville 57
18%
51 234 Corbeil-Essonnes 91
17%
36 169 Creil 60
17%
48 870 Grasse 06
17%
43 626 Istres 13
17%
48 352 Montrouge 92
17%
23 584 Rochefort 17
17%
53 120 Saint-Louis 974
17%
22 413 Saint-Louis 68
17%
29 600 Agde 34
16%
36 582 Annemasse 74
16%
20 551 Beaune 21
16%
76 990 Champigny-sur-Marne 94
16%
52 925 Clamart 92
16%
19 816 Concarneau 29
16%
39 433 Draguignan 83
16%
21 979 Millau 12
16%
39 187 Poissy 78
16%
45 157 Puteaux 92
16%
19 502 Albertville 73
15%
32 176 Cambrai 59
15%
21 847 Chaumont 52
15%
25 531 Fontenay-aux-Roses 92
15%
52 008 Fontenay-sous-Bois 94
15%
45 053 La Courneuve 93
15%
79 824 Le Tampon 974
15%
24 257 Libourne 33
15%
47 621 Saint-Laurent-du-Maroni 973
15%
29 169 Saint-Laurent-du-Var 06
15%
26 467 Saumur 49
15%
26 688 Sens 89
15%
25 464 Vierzon 18
15%
25 525 Blagnac 31
14%
23 711 Dole 39
14%
48 530 Gennevilliers 92
14%
20 210 Lannion 22
14%
62 987 La Seyne-sur-Mer 83
14%
57 498 Le Blanc-Mesnil 93
14%
34 042 Nogent-sur-Marne 94
14%
20 780 Nogent-sur-Oise 60
14%
35 236 Palaiseau 91
14%
28 712 Soissons 02
14%
22 980 Abbeville 80
13%
39 719 Anglet 64
13%
25 039 Béthune 62
13%
42 244 Bron 69
13%
20 595 Fougères 35
13%
24 903 Kourou 973
13%
35 993 La Ciotat 13
13%
56 483 Maisons-Alfort 94
13%
45 818 Meudon 92
13%
27 141 Rambouillet 78
13%
30 012 Saint-Cloud 92
13%
34 061 Sainte-Marie 974
13%
45 386 Salon-de-Provence 13
13%
32 645 Trappes 78
13%
30 865 Viry-Châtillon 91
13%
40 936 Bagneux 92
12%
52 178 Cagnes-sur-Mer 06
12%
29 236 Carpentras 84
12%
25 629 Étampes 91
12%
35 196 Haguenau 67
12%
20 038 Lisieux 14
12%
32 384 Marignane 13
12%
29 589 Maubeuge 59
12%
22 456 Oyonnax 01
12%
26 927 Papeete 970
12%
22 928 Saint-Dizier 52
12%
46 927 Saint-Priest 69
12%
52 774 Sartrouville 78
12%
49 311 Suresnes 92
12%
44 805 Alfortville 94
11%
36 060 Bagnolet 93
11%
30 642 Bègles 33
11%
55 154 Chelles 77
11%
46 150 Choisy-le-Roi 94
11%
54 611 Épinay-sur-Seine 93
11%
28 201 Grigny 91
11%
41 887 Le Cannet 06
11%
30 950 Malakoff 92
11%
46 024 Rosny-sous-Bois 93
11%
47 415 Saint-Herblain 44
11%
43 820 Talence 33
11%
22 030 Torcy 77
11%
27 846 Vanves 92
11%
52 795 Vaulx-en-Velin 69
11%
28 841 Bois-Colombes 92
10%
28 834 Bourgoin-Jallieu 38
10%
31 487 Châtellerault 86
10%
36 639 Châtillon 92
10%
39 968 Colomiers 31
10%
36 932 Échirolles 38
10%
22 433 Épernay 51
10%
53 514 Les Abymes 971
10%
20 042 L' Isle-sur-la-Sorgue 84
10%
32 282 Montigny-le-Bretonneux 78
10%
21 528 Montigny-lès-Cormeilles 95
10%
21 879 Montigny-lès-Metz 57
10%
42 919 Rezé 44
10%
56 902 Saint-André 974
10%
37 036 Saint-Benoît 974
10%
19 792 Saint-Cyr-l'École 78
10%
20 484 Saint-Michel-sur-Orge 91
10%
37 713 Villepinte 93
10%
30 440 Cachan 94
9%
43 294 Caluire-et-Cuire 69
9%
22 534 Castelnau-le-Lez 34
9%
21 010 Fleury-les-Aubrais 45
9%
21 597 Forbach 57
9%
43 239 Garges-lès-Gonesse 95
9%
25 992 Hénin-Beaumont 62
9%
21 269 Le Creusot 71
9%
24 971 Le Kremlin-Bicêtre 94
9%
23 447 Les Lilas 93
9%
30 950 Plaisir 78
9%
33 098 Romans-sur-Isère 26
9%
19 576 Saint-Dié-des-Vosges 88
9%
20 635 Sarreguemines 57
9%
29 987 Savigny-le-Temple 77
9%
36 577 Savigny-sur-Orge 91
9%
23 463 Sèvres 92
9%
36 461 Tremblay-en-France 93
9%
23 092 Vélizy-Villacoublay 78
9%
28 423 Villiers-le-Bel 95
9%
28 895 Villiers-sur-Marne 94
9%
33 333 Vitrolles 13
9%
21 788 Arcueil 94
8%
27 412 Brétigny-sur-Orge 91
8%
26 236 Cavaillon 84
8%
29 882 Charenton-le-Pont 94
8%
30 153 Chatou 78
8%
35 536 Conflans-Sainte-Honorine 78
8%
28 710 Fresnes 94
8%
32 801 Houilles 78
8%
38 444 Joué-lès-Tours 37
8%
29 642 La Garenne-Colombes 92
8%
33 203 Les Mureaux 78
8%
32 071 L' Haÿ-les-Roses 94
8%
22 528 Manosque 04
8%
38 486 Marcq-en-Barœul 59
8%
24 797 Muret 31
8%
24 151 Sainte-Anne 971
8%
22 377 Saint-Mandé 94
8%
20 004 Sceaux 92
8%
38 285 Stains 93
8%
19 403 Bruges 33
7%
20 365 Carquefou 44
7%
21 322 Challans 85
7%
37 394 Franconville 95
7%
39 661 Gagny 93
7%
26 106 Gonesse 95
7%
19 652 Joinville-le-Pont 94
7%
26 168 La Teste-de-Buch 33
7%
30 061 Le Plessis-Robinson 92
7%
19 829 Le Plessis-Trévise 94
7%
25 024 Les Ulis 91
7%
45 692 Livry-Gargan 93
7%
26 385 Lunel 34
7%
23 361 Maisons-Laffitte 78
7%
34 640 Meyzieu 69
7%
27 928 Montfermeil 93
7%
37 617 Pontault-Combault 77
7%
30 087 Romainville 93
7%
35 830 Sainte-Geneviève-des-Bois 91
7%
37 918 Saint-Joseph 974
7%
34 586 Saint-Leu 974
7%
27 493 Saint-Sébastien-sur-Loire 44
7%
33 780 Schiltigheim 67
7%
27 157 Sucy-en-Brie 94
7%
30 676 Thiais 94
7%
23 727 Vernon 27
7%
29 318 Yerres 91
7%
24 909 Armentières 59
6%
35 670 Athis-Mons 91
6%
31 671 Bezons 95
6%
19 850 Bressuire 79
6%
34 021 Châtenay-Malabry 92
6%
20 771 Chaville 92
6%
20 881 Croix 59
6%
28 930 Décines-Charpieu 69
6%
23 028 Frontignan 34
6%
21 007 Gif-sur-Yvette 91
6%
20 285 Givors 69
6%
31 068 Goussainville 95
6%
29 471 Guyancourt 78
6%
26 698 Illkirch-Graffenstaden 67
6%
25 963 Le Grand-Quevilly 76
6%
40 095 Le Lamentin 972
6%
22 000 Le Petit-Quevilly 76
6%
30 112 Liévin 62
6%
21 998 Mandelieu-la-Napoule 06
6%
26 428 Miramas 13
6%
21 277 Mons-en-Barœul 59
6%
26 553 Oullins 69
6%
29 745 Ris-Orangis 91
6%
34 841 Saint-Chamond 42
6%
34 592 Six-Fours-les-Plages 83
6%
20 372 Voiron 38
6%
40 898 Wattrelos 59
6%
26 597 Bussy-Saint-Georges 77
5%
25 496 Cenon 33
5%
25 654 Champs-sur-Marne 77
5%
25 335 Eaubonne 95
5%
25 624 Élancourt 78
5%
28 939 Ermont 95
5%
25 694 Gradignan 33
5%
21 408 Hazebrouck 59
5%
31 314 Herblay-sur-Seine 95
5%
22 555 Hérouville-Saint-Clair 14
5%
20 692 La Celle-Saint-Cloud 78
5%
19 551 La Chapelle-sur-Erdre 44
5%
21 539 Lagny-sur-Marne 77
5%
23 124 Lanester 56
5%
32 985 La Possession 974
5%
31 233 Le Chesnay-Rocquencourt 78
5%
33 588 Le Perreux-sur-Marne 94
5%
21 269 Longjumeau 91
5%
22 866 Loos 59
5%
23 181 Lormont 33
5%
20 648 Mitry-Mory 77
5%
21 723 Montmorency 95
5%
27 209 Orvault 44
5%
30 697 Rillieux-la-Pape 69
5%
22 175 Sainte-Foy-lès-Lyon 69
5%
31 808 Saint-Médard-en-Jalles 33
5%
29 068 Sotteville-lès-Rouen 76
5%
22 286 Tassin-la-Demi-Lune 69
5%
28 117 Tournefeuille 31
5%
29 942 Vandœuvre-lès-Nancy 54
5%
25 541 Vertou 44
5%
30 405 Villemomble 93
5%
36 754 Villenave-d'Ornon 33
5%
26 580 Villeparisis 77
5%
20 860 Wasquehal 59
5%
21 529 Achères 78
4%
21 372 Allauch 13
4%
25 330 Brunoy 91
4%
19 988 Chevilly-Larue 94
4%
25 406 Cormeilles-en-Parisis 95
4%
22 128 Dammarie-les-Lys 77
4%
19 877 Denain 59
4%
22 149 Deuil-la-Barre 95
4%
28 602 Draveil 91
4%
29 506 Faaa 970
4%
21 521 Gardanne 13
4%
25 505 La Garde 83
4%
21 856 La Madeleine 59
4%
27 400 Lambersart 59
4%
26 489 Le Gosier 971
4%
21 913 Le Robert 972
4%
23 898 Les Pavillons-sous-Bois 93
4%
21 229 Montereau-Fault-Yonne 77
4%
19 982 Mougins 06
4%
22 386 Olivet 45
4%
20 557 Pertuis 84
4%
24 065 Sainte-Suzanne 974
4%
20 914 Saint-Genis-Laval 69
4%
20 895 Saint-Gratien 95
4%
26 565 Sannois 95
4%
26 872 Taverny 95
4%
27 364 Vallauris 06
4%
31 394 Vigneux-sur-Seine 91
4%
30 837 Baie-Mahault 971
3%
19 903 Bouguenais 44
3%
21 903 Bruay-la-Buissière 62
3%
19 822 Chilly-Mazarin 91
3%
21 627 Combs-la-Ville 77
3%
20 851 Coudekerque-Branche 59
3%
22 309 Couëron 44
3%
20 322 Cournon-d'Auvergne 63
3%
35 873 Dumbéa 970
3%
24 488 Eysines 33
3%
22 522 Grande-Synthe 59
3%
21 887 Gujan-Mestras 33
3%
32 156 Koungou 976
3%
24 087 La Valette-du-Var 83
3%
23 890 Le Bouscat 33
3%
20 917 Le Mée-sur-Seine 77
3%
22 149 Le Moule 971
3%
21 623 Les Pennes-Mirabeau 13
3%
27 833 Limeil-Brévannes 94
3%
19 439 Lingolsheim 67
3%
33 458 Matoury 973
3%
20 424 Montaigu-Vendée 85
3%
23 760 Montgeron 91
3%
20 124 Morsang-sur-Orge 91
3%
20 532 Ozoir-la-Ferrière 77
3%
24 753 Petit-Bourg 971
3%
26 358 Remire-Montjoly 973
3%
19 617 Saint-Fons 69
3%
19 612 Schœlcher 972
3%
23 419 Beaupréau-en-Mauges 49
2%
20 828 Chemillé-en-Anjou 49
2%
20 743 Halluin 59
2%
27 620 Mont-Dore 970
2%
24 563 Païta 970
2%
28 103 Punaauia 970
2%
25 162 Sèvremoine 49
2%
Aucun quiz correspondant
Distribution des résultats
% des personnes avec chaque résultat
Percentile par nombre de réponses
Votre historique - résultats
Vous n’avez pas pris ce quiz